000 00665nam a2200229 a 4500
001 BRL_1874
005 20190320211417.0
008 110815s1982----mx-aob####---#000-0#spa-#
020 _a9683220469
041 _aspa
044 _amx
050 4 _aGN560.M4
_b.G78 1982
245 1 0 _aGrupos étnicos de México
260 _aMéxico
_bInstituto Nacional Indigenista
_c1982
300 _a2 v.
_bil.
_c23 cm.
500 _at.1 Au2090, t.2 Au2091
650 1 4 _aGrupos étnicos
_zMexico
_928104
650 1 4 _aIndígenas de México
_xVida social y costumbre
_924156
650 1 4 _aIndígenas de México
_xCondiciones sociales
_923211
902 _aGRL
942 _2lcc
_cB
999 _c10682
_d10682